Départements de Normandie (Click) - Statistiques

Statistiques générales
  • Ce quiz a été pris 608 fois
  • Le résultat moyen est 4 sur 5
Statistiques - réponses
Hint Réponse % Correct

Manche
90%

Seine-Maritime
85%

Calvados
84%

Orne
79%

Eure
74%
Aucun quiz correspondant
Distribution des résultats
% des personnes avec chaque résultat
Percentile par nombre de réponses
Votre historique - résultats
Vous n’avez pas pris ce quiz